00238nam a2200109Ia 4500008004100000041001200041082001100053100002200064245001200086260001600098650001400114221030s9999 xx 000 0 und d aEnglish a105.23 aPankaj Sharma/253 0aINERNET aJammuc2001 aComputers